| 000 | 00361nam a22001457a 4500 | ||
|---|---|---|---|
| 005 | 20250528161240.0 | ||
| 008 | 250528b |||||||| |||| 00| 0 eng d | ||
| 020 | _a0521288940 | ||
| 050 |
_aGN281 _bTOM |
||
| 100 | _aTOMKINS STEPHEN | ||
| 245 | _aTHE ORIGINS OF MANKIND | ||
| 260 |
_aLONDON _bCAMBRIDE UNIVERSITY PRESS _cc |
||
| 300 | _a124p | ||
| 942 |
_2lcc _cBK _n0 |
||
| 999 |
_c6012 _d6012 |
||